Pekeliling Kemajuan Pentadbiran Awam 1991-1993 [jilid 1] : (hingga 25hb Mac 2003)

Bibliographic Details
Corporate Author: MALAYSIA
Format: Book
Published: Petaling Jaya, Selangor : International Law Book Services , 2003
Series:Undang-undang Malaysia
Subjects:

MARC

LEADER 00000cam a2200000 7i4500
001 0000003092
005 20040519.0
020 0 0 |a 9678913542 
090 0 0 |a 354.595007   |b MAL 2003 
110 1 0 |a MALAYSIA 
245 1 0 |a Pekeliling Kemajuan Pentadbiran Awam 1991-1993 [jilid 1] :   |b (hingga 25hb Mac 2003)   |c disusun oleh Lembaga Penyelidikan Undang-undang 
260 0 0 |a Petaling Jaya, Selangor :   |b International Law Book Services ,   |c 2003 
300 |a ii, 583 p. :   |b ill. ;   |c 25 cm. 
440 0 0 |a Undang-undang Malaysia 
650 0 0 |a Civil service   |z Malaysia 
650 0 0 |a Public administration   |z Malaysia 
998 |a JPSM 
999 |a 0000005512   |b Monograph   |c Open Shelf   |e Default branch